banner koha

Multiplicacao de Baculovirus anticarsia, sobre a lagarta da soja, Anticarsia gemmatalis (Registro n. 316236)

MARC details
000 -LÍDER
campo de controle de tamanho fixo 01103naa a22003137a 4500
001 - NÚMERO DE CONTROLE
campo de controle BR8305215
003 - IDENTIFICADOR DO NÚMERO DE CONTROLE
campo de controle BR-BrBNA
005 - DATA E HORÁRIO DA ÚLTIMA TRANSAÇÃO
campo de controle 20240918175337.0
007 - CAMPO FIXO DE DESCRIÇÃO FÍSICA--INFORMAÇÃO GERAL
campo de controle de tamanho fixo ta
008 - CAMPO DE DADOS FIXOS--INFORMAÇÃO GERAL
campo de controle de tamanho fixo 230509b bl.||||| |||| 00| 0 por d
040 ## - FONTE DA CATALOGAÇÃO
Instituição da catalogação original BR-BrBNA
Idioma da catalogação por
Instituição que transcreveu o registro Biblioteca Nacional de Agricultura
041 ## - CÓDIGO DE IDIOMA
Código do idioma do texto/trilha sonora ou título diferente (Pt)
072 ## - CÓDIGO DE CATEGORIA DE ASSUNTO
Código de Categoria de Assunto H10
Código do objeto 0336
-- 4020
090 ## - NÚMERO DE CHAMADA LOCAL
Número de chamada H10 BR8305215
100 1# - ENTRADA PRINCIPAL--NOME PESSOAL
Nome pessoal Marques, G.L.
100 1# - ENTRADA PRINCIPAL--NOME PESSOAL
Nome pessoal Chouene, E.C.
100 1# - ENTRADA PRINCIPAL--NOME PESSOAL
Nome pessoal Guarienti, I.
100 1# - ENTRADA PRINCIPAL--NOME PESSOAL
Nome pessoal Tambasco, F.J.
111 1# - ENTRADA PRINCIPAL--NOME DO EVENTO
Nome do evento ou lugar 9. Reuniao de Pesquisa de Soja da Regiao Sul
Local do evento Santa Maria, RS (Brazil)
Data do evento ou assinatura do tratado 2-4 Aug 1983
245 1# - TÍTULO
Título Multiplicacao de Baculovirus anticarsia, sobre a lagarta da soja, Anticarsia gemmatalis
260 3# - PUBLICAÇÃO, DISTRIBUIÇÃO, ETC.
Local de publicação, distribuição, etc. Passo Fundo, RS (Brasil):
Data da publicação, distribuição, etc. 1983.
500 ## - NOTA GERAL
Nota geral Soja. Resultados de Pesquisa, 1982-1983<br/>Passo Fundo, RS (Brasil): 1983. p. 134-135<br/>(BR8305215-AM)H10<br/>
650 ## - ASSUNTO--TERMO TÓPICO
Cabeçalho tópico ou nome geográfico LAGARTA
650 ## - ASSUNTO--TERMO TÓPICO
Cabeçalho tópico ou nome geográfico SOJA
650 ## - ASSUNTO--TERMO TÓPICO
Cabeçalho tópico ou nome geográfico CONTROLE BIOLOGICO
773 0# - ENTRADA ANALÍTICA
Título Soja. Resultados de Pesquisa, 1982-1983
Número de controle do registro H10 BR8305215
Partes relacionadas Passo Fundo, RS (Brasil), 1983. p. 134-135
909 ## -
-- 202404
-- Lucia
-- 55
-- Lucia Elande
942 ## - ELEMENTOS DE ENTRADA ADICIONADOS (KOHA)
Tipo de material Koha Capítulo-Livro
Fonte da classificação ou esquema de arquivamento na estante Classificação AGRIS
Exemplares
Situação do descarte Fonte da classificação ou esquema de arquivamento na estante Situação física Não pode ser emprestado Coleção Biblioteca de origem Biblioteca atual Localização na estante Total de empréstimos Número de telefone completo Data de último acesso Número do exemplar Tipo de material Koha Situação das perdas Data de aquisição Fonte de aquisição
  Classificação AGRIS       Biblioteca Nacional de Agricultura - Binagri Biblioteca Nacional de Agricultura - Binagri Agrobase - Acervo Geral   0336 BR8305192 20/05/2024 01 Capítulo-Livro   2024-04-11 Portaria Interministerial nº 164/94

BINAGRI

Telefone: (61)3218-2567/2388/3357/2097 - binagri@agro.gov.br

Ministério da Agricultura e Pecuária , Esplanada dos Ministérios, Bloco D, Anexo B, Brasília/DF, CEP: 70.043-900